00872nam a2200265Ia 4500001000600000003000900006008004100015040001300056040001300069041001300082100002500095100002900120245007100149245007300220250001100293260001000304260002100314260004900335300005500384500006300439650002300502650003100525700002100556700002900577B3396IT-RoPAU130308s9999 xx 000 0 und d aIT-RoPAU cIT-RoPAU aFRANCESE aHoudebine Anne-Marie gCodice Aut. SPICS: 17927 aImaginaire linguistique dans la communication mass-mediatique (L') bMedias et Enseignement-Actes Du Colloque Aupelf (Sitges, Avril 1984) a1a ed. aPARIS bDidier Erudition c1985 [1° Ed.:1985 - Ed.Ling.Originale:1985] a"7 p. (prefazione: no ; testo: 7 [pagine: 58-64])" aImmaginario Linguistico nella Comunicazione Massmediatica. aDIDATTICA GENERALE eCodice materia Spics: 4001 aBaudelot Corinne gCodice Aut. SPICS: 37596